| 000 | 00650nam a2200205 a 4500 | ||
|---|---|---|---|
| 001 | 000030045 | ||
| 003 | DO-SdBNP | ||
| 005 | 20240226144733.0 | ||
| 007 | ta | ||
| 008 | 110428s1982 dr 000 s spa d | ||
| 040 |
_aDO-SdBNP _bspa _cBNPHU |
||
| 082 |
_axxxx _bJ82d _222 |
||
| 100 | 1 |
_aJorge Blanco, Salvador, _d1926-2010 _930551 |
|
| 245 | 1 | 0 |
_aDiscurso del Dr. Salvador Jorge Blanco en su toma de posesión como presidente constitucional de la República Dominicana / _cSalvador Jorge Blanco. |
| 260 |
_aSanto Domingo : _b[s.n.], _c1982. |
||
| 300 |
_a41 p. ; _c21 cm. |
||
| 590 | _aInventariado, 2023 / DG | ||
| 910 | _aDG | ||
| 942 |
_2ddc _cLBS1 |
||
| 999 |
_c29537 _d29537 |
||